| 000 | 01349nam a2200289 a 4500 | ||
|---|---|---|---|
| 999 |
_c473233 _d473233 |
||
| 003 | BLK | ||
| 005 | 20250301125849.0 | ||
| 008 | 180410b bul|||||r ||||||| ||bul|| | ||
| 020 | _a9789546256287 | ||
| 040 | _aBLK | ||
| 041 |
_aBUL _cBUL |
||
| 080 |
_aБългарска литература _b821.163.2 _x-93-91 _z821.163.2-93-91 |
||
| 139 |
_aЗлатокоска и Златокоско _bЗ 74 |
||
| 245 | 1 | 0 |
_aЗлатокоска и Златокоско _bБълг. нар. приказки _cадапт. Елена Сматракалева ; худож. Ана Симеонова. |
| 257 | _aBGR | ||
| 260 |
_aСофия _bФют _c[2011] |
||
| 300 |
_a24 с. _bс цв. ил. _c28 см |
||
| 380 | _aDX | ||
| 490 |
_aПоредица Златна броеница _9201483 |
||
| 500 | _aКор. загл. - Съдържа и Змейова сватба ; Двамата братя и късметът. - Името на ил. Анна Симеонова погрешно отпеч. Ана Симеонова. | ||
| 700 | 1 |
_aСматракалева, Елена Михайлова _eадапт. _9364333 |
|
| 700 | 1 |
_aСимеонова, Анна _eхудож. _9120392 |
|
| 852 |
_aЦб ІІ 20179 _bЦб |
||
| 852 |
_bД _c821.163.2-93/З-74 |
||
| 942 |
_cKNG _n0 _s1 _07 |
||
| 944 |
_aCR _c2022-09-14 _k30542 _lРусанова Ирена |
||